Statistics for U.S. Baby Girl Names by Year Quiz

Click here to take the quiz!

General Stats

  • This quiz has been taken 322,321 times
    (170,339 since last reset)
  • The average score is 39 of 117

Answer Stats

# YearsName% Correct
11Elizabeth
79%
3Betty
79%
2Anna
76%
1Annie
76%
7Mary
76%
3Sarah
64%
3Emma
63%
3Jennifer
62%
4Emily
59%
3Jessica
54%
3Olivia
53%
1Christine
50%
1Christina
50%
1Hannah
50%
1Rachel
49%
2Sophia
49%
1Sofia
49%
1Julie
48%
2Isabella
48%
3Susan
48%
5Margaret
47%
2Rose
45%
2Carol
44%
2Carolyn
44%
1Laura
44%
2Amy
44%
3Lisa
43%
1Rebecca
42%
2Lillian
42%
1Lily
42%
1Victoria
42%
3Karen
41%
3Samantha
40%
1Charlotte
39%
2Michelle
39%
3Grace
39%
3Abigail
38%
2Joan
38%
4Barbara
38%
4Patricia
38%
2Lauren
37%
2Amanda
36%
4Helen
36%
2Ashley
36%
2Ava
36%
2Chloe
36%
3Linda
36%
2Kimberly
35%
2Megan
35%
3Madison
35%
2Ella
34%
2Nicole
33%
2Marie
33%
3Alice
33%
2Deborah
32%
1Debra
32%
3Stephanie
31%
2Mia
30%
2Kelly
30%
1Amelia
30%
3Nancy
30%
1Kathleen
29%
3Melissa
29%
2Janet
29%
2Louise
28%
3Ruth
28%
3Frances
28%
1Diane
28%
3Sandra
27%
2Angela
27%
1Taylor
27%
1Natalie
27%
1Brittany
26%
3Heather
26%
1Jean
25%
2Pamela
25%
1Danielle
25%
2Donna
25%
1Judith
24%
1Teresa
24%
1Hailey
24%
1Judy
24%
3Sharon
24%
4Dorothy
23%
4Evelyn
23%
1Erin
23%
1Courtney
22%
2Brenda
21%
1Amber
21%
2Kayla
21%
1Tiffany
20%
1Tracy
20%
2Alexis
19%
2Alyssa
19%
1Brianna
18%
2Doris
18%
1Addison
17%
2Florence
17%
1Irene
17%
1Harper
16%
1Cynthia
16%
1Tammy
16%
1Lori
16%
1Avery
16%
2Virginia
15%
3Shirley
15%
1Scarlett
15%
1Cheryl
15%
1Ethel
15%
2Joyce
15%
1Crystal
14%
1Edna
14%
1Lois
14%
1Dawn
14%
2Mildred
13%
1Dolores
13%
1Gladys
13%

Score Distribution

Percentile by Number Answered

Percent of People with Each Score

Your Score History

You have not taken this quiz since the last reset